| 000 | 00628nam a2200205 i 4500 | ||
|---|---|---|---|
| 003 | IT-RoINE | ||
| 005 | 20181122070305.0 | ||
| 008 | 130201s1976 it |||||r |||||||ita|d | ||
| 040 |
_cIT-RoINE _dIT-RoINE |
||
| 100 | 1 |
_aGinzburg, Carlo, _d1939- _954659 |
|
| 245 | 1 | 3 |
_aIl formaggio e i vermi : _bil cosmo di un mugnaio del '500 / _cCarlo Ginzburg. |
| 260 |
_aTorino : _bEinaudi, _c1976. |
||
| 300 |
_aXXXI, 188 p. ; _c21 cm. |
||
| 336 |
_2rdacontent _atext |
||
| 337 |
_2rdamedia _aunmediated |
||
| 338 |
_2rdacarrier _avolume |
||
| 490 | 1 |
_aEinaudi paperbacks ; _v65 |
|
| 830 | 0 |
_aEinaudi paperbacks ; _954660 _v65 |
|
| 942 | _cMTS | ||
| 999 |
_c27723 _d27723 |
||